00419nam a2200145Ia 4500008004100000100001200041245008600053245001200139260003500151260000900186300002600195500000900221650002300230650002000253170224s9999 xx 000 0 und d aRan Wei aTaking stock and showcasing communication research on Asia for a global audience  cRan Wei bAsian Journal of Communication c2016 a26:6, Pages: 507-510  a2016 xCommunication Arts xMultimedia Arts